| 000 | 00730nam a22002177a 4500 | ||
|---|---|---|---|
| 003 | 0 | ||
| 005 | 20251117085721.0 | ||
| 008 | 251117b xxu||||| |||| 00| 0 eng d | ||
| 020 | _a0-316-92919-0 | ||
| 050 |
_aE 840.8.S675 _b.S74 1999 |
||
| 100 |
_aStephanopoulos, George, _eauthor. |
||
| 245 |
_aAll too human : _ba political education / _cGeorge Stephanopoulos. |
||
| 260 |
_aNew York, NY : _bLittle, Brown and Company, _c1999. |
||
| 300 |
_a456 pages : _billustrations ; _c24 cm. |
||
| 504 | _aIncludes index. | ||
| 600 | _aStephanopoulos, George | ||
| 600 |
_aClinton, Bill, _d1946-. |
||
| 650 |
_aPresidents _zUnited States _vStaff _xBiography. |
||
| 650 |
_aUnited States _vPolitics and government _y1993-. |
||
| 942 |
_2lcc _cBK |
||
| 999 |
_c368657 _d368657 |
||